Výstava z knižního díla Methoda Kalába : ve státním zámku ve Žďáře nad Sázavou 1960 /

Hlavní autor: Kneidl, Pravoslav, 1927-2003
Další autoři: Novotný, Miloslav, 1894-1966
Jazyk: Čeština
Vydáno: Praha : Národní muzeum, 1960
Fyzický popis: 43 s. ; 8°
Knihy
Uloženo v:
LEADER 00926nam a22002292a 4500
001 000102818
003 CZ BrMZK
005 20141002122520.0
007 ta
008 950101s1960 xr f cze d
015 |a cnb000517012 
040 |a BOA001  |b cze 
100 1 |a Kneidl, Pravoslav,  |d 1927-2003  |7 jk01060792  |4 aut 
245 1 0 |a Výstava z knižního díla Methoda Kalába :  |b ve státním zámku ve Žďáře nad Sázavou 1960 /  |c katalog sestavil Pravoslav Kneidl ; úvodní stať napsal Miloslav Novotný 
260 |a Praha :  |b Národní muzeum,  |c 1960 
300 |a 43 s. ;  |c 8° 
700 1 |a Novotný, Miloslav,  |d 1894-1966  |7 jk01090746  |4 wfw 
910 |a BOA001  |b 2-0453.585  |b 2-0453.584 
990 |a BK 
991 |b 201407 
996 7 |b 2619071123  |c 2-0453.585  |l MZK  |r Sklad / do 24 hodin  |n 0  |w 000102818  |u 000020  |a 1  |e BOA001  |j MZK50  |s A 
996 6 |b 2619995534  |c 2-0453.584  |l MZK  |r Sklad / do 24 hodin  |n 1  |w 000102818  |u 000010  |a 1  |e BOA001  |j MZK50  |s P